| 000 | 00978cab a2200277 4500 | ||
|---|---|---|---|
| 001 | ABS56527 | ||
| 008 | 090401t1997 xxu||||| |||| 00| 0 eng d | ||
| 035 | _a(Sirsi) u24298 | ||
| 041 | _aeng | ||
| 245 | _aMcCausland and another v Duncan Lawrie Ltd and another | ||
| 260 | _c1997 | ||
| 350 | _a0 | ||
| 490 |
_aWeekly Law Reports _v[1997] 1 WLR 38-50(13) |
||
| 520 | _aCA 6 June 1996. A variation of any material term of contract for the disposition of an interest in land has to comply with the Law of Property (Miscellaneous Provisions) Act 1989 s2. | ||
| 650 | _aCOMPLETION DATE | ||
| 650 | _aCONTRACT TERMS | ||
| 650 | _aLAW OF PROPERTY (MISCELLANEOUS PROVISIONS) ACT 1989 S2 | ||
| 650 | _aMCCAUSLAND AND ANOTHER V DUNCAN LAWRIE LTD AND ANOTHER | ||
| 650 | _aSALE OF LAND | ||
| 650 | _aSPECIFIC PERFORMANCE | ||
| 650 | _aVARIATION | ||
| 650 | _aVENDOR AND PURCHASER | ||
| 690 | _aPROPERTY LAW AND PRACTICE-CASE LAW | ||
| 942 | _n0 | ||
| 948 | _c04/03/1997 | ||
| 999 |
_c16287 _d16287 |
||